| 000 | nam a22 7a 4500 | ||
|---|---|---|---|
| 999 |
_c330162 _d330162 |
||
| 003 | NUST | ||
| 005 | 20170612113026.0 | ||
| 008 | 170612b xxu||||| |||| 00| 0 eng d | ||
| 020 | _a9812530088 | ||
| 040 | _c0 | ||
| 082 | _a571.4 COT | ||
| 100 | _4Cotterill,Rodney M.J. | ||
| 245 |
_aBiophysics: _bAn introduction _cRodney M.J.Cotterill |
||
| 260 |
_aIndia _bJohn Wiley _c2003 |
||
| 300 | _a395p. | ||
| 500 | _aP.B | ||
| 942 |
_2ddc _cBK _k571.4 COT |
||